00992nam a2200241 i 450000100060000000300090000600500170001500700030003200800410003502000180007610000320009424501850012626000330031130000300034449000450037450000140041960000610043370000420049483000530053685200220058999900170061195201220062851541ES-MaACL20230906162401.0t|030813s1981 sp a b |||| | spa d a84-85303-50-41 aCheyne, George J. G.93844510aEstudio bibliográfico de la obra de Joaquín Costa b: (1846-1911) /cGeorge J.G. Cheyne ; edición revisada y ampliada, traducida del inglés por Assumpció Vidal de Cheyne. aZaragoza : bGuara, c[1981] a317 p. : bil. ; c20 cm.1 aColección básica aragonesa ; v33-34 aÍndice.17aCosta, Joaquín,d1846-1911-vBibliografías291478281 aVidal de Cheyne, Assumpció.91144780 aColección básica aragonesa ; v33-349180901 aES-MaACLjL-10868 c51541d51541 00104070aATENEOMbATENEOMcDEPO2d2008-01-17eSCl0oL-10868p1054204r2023-02-23 00:00:00w2023-02-23yMONOGRAFIA